Ženy v podnikateľskom procese - vybrané aspekty
Identifikácia postavenia a počtu žien podnikateliek v slovenskom podnikateľskom prostredí v kontexte podmienok vytvorených v Európskej únii.
Gespeichert in:
| 1. Verfasser: | |
|---|---|
| Weitere Verfasser: | |
| Format: | Buchkapitel |
| Sprache: | Slowakisch |
| Schlagworte: | |
| Tags: |
Keine Tags, Fügen Sie das erste Tag hinzu!
|
MARC
| LEADER | 00000naa a2200000 4500 | ||
|---|---|---|---|
| 001 | 0148869 | ||
| 005 | 20240502072658.8 | ||
| 041 | 0 | |a slo | |
| 044 | |a SK | ||
| 245 | 1 | 0 | |a Ženy v podnikateľskom procese - vybrané aspekty |c Monika Krošláková, Viera Kubičková |
| 520 | |a Identifikácia postavenia a počtu žien podnikateliek v slovenskom podnikateľskom prostredí v kontexte podmienok vytvorených v Európskej únii. | ||
| 610 | 2 | 0 | |a prostredie podnikateľské |
| 610 | 2 | 0 | |a legislatíva |
| 610 | 2 | 0 | |a Európska únia |
| 610 | 2 | 0 | |a Slovensko |
| 610 | 2 | 0 | |a ženy |
| 610 | 2 | 0 | |a podnikatelia |
| 100 | 1 | |a Krošláková, Monika, 1975- | |
| 700 | 1 | |a Kubičková, Viera, 1970- | |